|
|
|
|
| LEADER |
00000nam a2200000 a 4500 |
| 001 |
vtls008154425 |
| 003 |
SK-MaSNL |
| 005 |
20260301183058.0 |
| 008 |
240313s2004 xo a b p 000 0 ukr |
| 015 |
|
|
|a SNBA2005/11-04457
|
| 020 |
|
|
|a 8096887580
|q (brož.)
|
| 040 |
|
|
|a SNK
|b slo
|c SNK
|e AACR2
|
| 041 |
0 |
|
|a ukr
|
| 072 |
|
7 |
|a 811.161
|x Východoslovanské jazyky
|2 konspekt
|
| 072 |
|
7 |
|a 37.016
|x Učebné osnovy. Vyučovacie predmety. Učebnice
|2 konspekt
|
| 080 |
|
|
|a (075.2)
|2 MDT-MRF
|
| 080 |
|
|
|a 811.161.2
|2 MDT-MRF
|
| 100 |
1 |
|
|a Holomáňová, Mária
|4 aut
|9 44295
|
| 245 |
1 |
0 |
|a Ukrajins'ka mova dlja 3 klasu osnovnoji školy
|c Marija Holoman'; [iljustruvala Andrea Chalčak]
|
| 250 |
|
|
|a 1. vyd.
|
| 260 |
|
|
|a Prjašiv
|b Nitech
|c 2004
|
| 300 |
|
|
|a 159 s.
|b ilustr.
|c 21 cm
|
| 500 |
|
|
|a Tir. aj slov.
|
| 650 |
0 |
7 |
|a ukrajinčina
|2 SNKPH
|9 1347
|
| 655 |
|
7 |
|a učebnice základných škôl
|2 SNKPH
|9 70187
|
| 700 |
1 |
|
|a Chalčak, Andrea
|4 ill
|9 333092
|
| 752 |
|
|
|a Slovensko
|d Prešov
|
| 919 |
|
|
|a 80-968875-8-0
|
| 958 |
|
|
|a OND
|
| 999 |
|
|
|c 855798
|d 857728
|
| 952 |
|
|
|a SNK
|b SNK
|y PREZ
|7 0
|p 17A0465326
|o snkSC 119869
|i snk2005/8292
|8 0
|0 0
|1 0
|4 0
|d 2005-05-17
|l 0
|r 2025-05-29 00:00:00
|w 2026-02-24
|
| 952 |
|
|
|a SNK
|b SNK
|y VYP
|7 0
|p 17A0465325
|o snkSC 119869 D1
|i snk2005/8293
|8 0
|0 0
|1 0
|4 0
|d 2005-05-17
|l 0
|r 2026-02-24 04:55:52
|w 2026-02-24
|